[Event "TUR-chT 2nd League"]
[Site "Konya"]
[Date "2019.07.23"]
[Round "2.13"]
[White "Eroltu, Ceylan"]
[Black "Kahya, Gizem"]
[Result "0-1"]
[WhiteElo "1313"]
[BlackElo "1625"]
[PlyCount "126"]
[EventDate "2019.07.22"]
[EventType "team-swiss"]
[EventRounds "9"]
[EventCountry "TUR"]
[SourceTitle "CBM 191 Extra"]
[Source "ChessBase"]
[SourceDate "2019.09.30"]
[SourceVersion "1"]
[SourceVersionDate "2019.09.30"]
[SourceQuality "1"]
[WhiteTeam "Corum Belediye"]
[BlackTeam "Pamukkale Yonetimi"]
[WhiteTeamCountry "TUR"]
[BlackTeamCountry "TUR"]

1. e4 e5 2. Nf3 Nc6 3. Bb5 a6 4. Ba4 Nf6 5. 0-0 Be7 6. Re1 b5 7. Bb3 d6 8. c3 0-0 9. h3 Na5 10. Bc2 c5 11. d4 Qc7 12. Nbd2 cxd4 13. cxd4 Nc6 14. d5 Nb8 15. b3 Nbd7 16. Bb2 Nb6 17. Rc1 Qb7 18. Bb1 Bd7 19. Re3 Rac8 20. Rec3 a5 21. Bd3 Rxc3 22. Rxc3 Rc8 23. Qc1 Nh5 24. Rxc8+ Qxc8 25. Qxc8+ Nxc8 26. Bc3 Nf4 27. Bf1 Bd8 28. Ne1 b4 29. Bb2 f5 30. Nd3 Nxd3 31. Bxd3 fxe4 32. Bxe4 Nb6 33. Nc4 Nxc4 34. bxc4 Bb6 35. Kf1 a4 36. Bc2 a3 37. Bc1 g6 38. Ke2 Bf5 39. Bb3 Kf7 40. Be3 Bc5 41. Bxc5 dxc5 42. Ke3 Kf6 43. f4 exf4+ 44. Kxf4 g5+ 45. Ke3 Ke5 46. Kf3 h5 47. Kg3 h4+ 48. Kf3 Be4+ 49. Kf2 Kf4 50. Bd1 Bf5 51. Bb3 Bd7 52. Bc2 Bf5 53. Bb3 Bd3 54. d6 Bf5 55. Ba4 Ke5 56. g4 hxg3+ 57. Kxg3 Kxd6 58. h4 gxh4+ 59. Kxh4 Bb1 60. Bb3 Ke5 61. Kg3 Kd4 62. Kf2 Bd3 63. Ke1 Bxc4 0-1

[Event "TUR-chT2"]
[Site "Konya"]
[Date "2018.07.15"]
[Round "9.4"]
[White "Kahya, Gizem"]
[Black "Agun, Lutfiye Selva"]
[Result "1/2-1/2"]
[WhiteElo "1628"]
[BlackElo "1539"]
[PlyCount "64"]
[EventDate "2018.07.10"]
[EventType "team-swiss"]
[EventRounds "9"]
[EventCountry "TUR"]
[SourceTitle "EXT 2019"]
[Source "ChessBase"]
[SourceDate "2018.10.10"]
[SourceVersion "1"]
[SourceVersionDate "2018.10.10"]
[SourceQuality "1"]
[WhiteTeam "Pamukkale Yonetimi"]
[BlackTeam "Sakarya Buyuksehir"]
[WhiteTeamCountry "TUR"]
[BlackTeamCountry "TUR"]

1. e4 c5 2. b3 Nc6 3. Bb2 e6 4. Bb5 Nf6 5. Nc3 a6 6. Bxc6 bxc6 7. f4 d5 8. e5 Nd7 9. Nf3 Be7 10. 0-0 0-0 11. Qe1 Rb8 12. Rb1 Kh8 13. g4 Nb6 14. d3 f6 15. h4 fxe5 16. fxe5 Bd7 17. Bc1 Qe8 18. Qg3 Qg6 19. Ne2 c4 20. Nf4 Qf7 21. Kh1 cxd3 22. cxd3 c5 23. h5 d4 24. Nh4 Kg8 25. Bd2 g5 26. hxg6 Qg7 27. Nh5 Bxh4 28. Qxh4 Qxg6 29. Nf6+ Kg7 30. Nxd7 Nxd7 31. Qe7+ Rf7 32. Rxf7+ Qxf7 1/2-1/2

[Event "TUR-chT2"]
[Site "Konya"]
[Date "2018.07.11"]
[Round "3.5"]
[White "Kirdi, Beyza"]
[Black "Kahya, Gizem"]
[Result "0-1"]
[WhiteElo "1192"]
[BlackElo "1628"]
[PlyCount "66"]
[EventDate "2018.07.10"]
[EventType "team-swiss"]
[EventRounds "9"]
[EventCountry "TUR"]
[SourceTitle "EXT 2019"]
[Source "ChessBase"]
[SourceDate "2018.10.10"]
[SourceVersion "1"]
[SourceVersionDate "2018.10.10"]
[SourceQuality "1"]
[WhiteTeam "Denizli Onay"]
[BlackTeam "Pamukkale Yonetimi"]
[WhiteTeamCountry "TUR"]
[BlackTeamCountry "TUR"]

1. c4 e6 2. Nc3 Nf6 3. g3 Be7 4. Bg2 0-0 5. e3 d5 6. cxd5 exd5 7. d4 c6 8. a3 a5 9. Rb1 Bf5 10. Ra1 Nbd7 11. f3 Bg6 12. Nge2 h6 13. e4 dxe4 14. fxe4 Nb6 15. 0-0 Bh5 16. Qc2 Bxe2 17. Qxe2 Qxd4+ 18. Be3 Qd8 19. Rfd1 Qc7 20. Bf4 Bc5+ 21. Kh1 Qe7 22. e5 Nfd5 23. Nxd5 Nxd5 24. Bxd5 cxd5 25. Rxd5 Rfd8 26. Rad1 Rxd5 27. Rxd5 Rd8 28. Qd3 Rxd5 29. Qxd5 b6 30. Qa8+ Kh7 31. Qe4+ g6 32. Qc6 Bd4 33. Qd6 Qb7+ 0-1

[Event "TUR-chT 2nd League"]
[Site "Konya"]
[Date "2017.07.22"]
[Round "8.2"]
[White "Kahya, Gizem"]
[Black "Keskin, Suara"]
[Result "1-0"]
[WhiteElo "1634"]
[BlackElo "1716"]
[PlyCount "77"]
[EventDate "2017.07.17"]
[EventType "team-swiss"]
[EventRounds "9"]
[EventCountry "TUR"]
[SourceTitle "CBM 179 Extra"]
[Source "ChessBase"]
[SourceDate "2017.08.23"]
[SourceVersion "1"]
[SourceVersionDate "2017.08.23"]
[SourceQuality "1"]
[WhiteTeam "Malatya Yesilyurt"]
[BlackTeam "Bulancak Ihsaniye Genclik"]
[WhiteTeamCountry "TUR"]
[BlackTeamCountry "TUR"]

1. Nf3 Nf6 2. g3 g6 3. c4 Bg7 4. Bg2 0-0 5. Nc3 d6 6. 0-0 e5 7. d3 c6 8. Rb1 Qe7 9. Qc2 h6 10. b4 d5 11. cxd5 Nxd5 12. Nxd5 cxd5 13. e4 dxe4 14. dxe4 Be6 15. Be3 Rc8 16. Qb2 Nd7 17. Rbc1 Bc4 18. Rfd1 Nb6 19. Bxb6 axb6 20. a3 Rc6 21. Rc3 Rac8 22. Rdc1 Qd7 23. Nd2 Be6 24. Rxc6 bxc6 25. Nc4 Qc7 26. Ne3 Qa7 27. Bf1 Bd7 28. Bc4 Be8 29. b5 cxb5 30. Bxf7+ Bxf7 31. Rxc8+ Kh7 32. Nd5 Bxd5 33. exd5 Qd7 34. Qc2 Qxd5 35. Rc6 e4 36. Rxb6 Qd4 37. Re6 Qa1+ 38. Kg2 Qxa3 39. Qxe4 1-0

[Event "TUR-chT 2nd League"]
[Site "Konya"]
[Date "2017.07.21"]
[Round "7.6"]
[White "Benderac, Ana"]
[Black "Kahya, Gizem"]
[Result "1-0"]
[WhiteElo "2233"]
[BlackElo "1634"]
[PlyCount "105"]
[EventDate "2017.07.17"]
[EventType "team-swiss"]
[EventRounds "9"]
[EventCountry "TUR"]
[SourceTitle "CBM 179 Extra"]
[Source "ChessBase"]
[SourceDate "2017.08.23"]
[SourceVersion "1"]
[SourceVersionDate "2017.08.23"]
[SourceQuality "1"]
[WhiteTeam "Bursa Nida"]
[BlackTeam "Malatya Yesilyurt"]
[WhiteTeamCountry "TUR"]
[BlackTeamCountry "TUR"]

1. d4 d5 2. Nf3 e6 3. Bg5 Nf6 4. e3 Be7 5. Nbd2 Nbd7 6. Bd3 c5 7. c3 h6 8. Bh4 0-0 9. Ne5 Nxe5 10. dxe5 Nd7 11. Bg3 f5 12. exf6 Bxf6 13. Qg4 Ne5 14. Bxe5 Bxe5 15. Qg6 Qf6 16. Qh7+ Kf7 17. f4 Bc7 18. e4 Ke7 19. 0-0 Bd7 20. e5 Qf7 21. Rae1 Rh8 22. Qg6 Qxg6 23. Bxg6 Rhf8 24. g3 Bb5 25. Rf2 Bb6 26. Kg2 c4 27. Rfe2 d4 28. Nf3 dxc3 29. bxc3 Rad8 30. Be4 Bc6 31. Bxc6 bxc6 32. Re4 Rd3 33. Rxc4 g5 34. Rf1 gxf4 35. Nh4 Kd7 36. Rfxf4 Rxf4 37. gxf4 Rd2+ 38. Kh3 Rxa2 39. Nf3 c5 40. Kg3 a5 41. f5 exf5 42. Rh4 f4+ 43. Rxf4 a4 44. Rf6 Ba5 45. Rxh6 Bxc3 46. e6+ Ke7 47. Ng5 Bf6 48. Rh7+ Ke8 49. Nf7 Rc2 50. Nd6+ Kf8 51. Rf7+ Kg8 52. Rxf6 Re2 53. Kf3 1-0

[Event "TUR-chT 2nd League"]
[Site "Konya"]
[Date "2017.07.19"]
[Round "4.4"]
[White "Kahya, Gizem"]
[Black "Abdulla, Khayala Mardan Qizi"]
[Result "0-1"]
[WhiteElo "1634"]
[BlackElo "2262"]
[PlyCount "72"]
[EventDate "2017.07.17"]
[EventType "team-swiss"]
[EventRounds "9"]
[EventCountry "TUR"]
[SourceTitle "CBM 179 Extra"]
[Source "ChessBase"]
[SourceDate "2017.08.23"]
[SourceVersion "1"]
[SourceVersionDate "2017.08.23"]
[SourceQuality "1"]
[WhiteTeam "Malatya Yesilyurt"]
[BlackTeam "Genc Efe Izcilik"]
[WhiteTeamCountry "TUR"]
[BlackTeamCountry "TUR"]

1. Nf3 d5 2. g3 c5 3. Bg2 Nc6 4. d4 Nf6 5. 0-0 e6 6. b3 Bd6 7. Bb2 0-0 8. Nbd2 cxd4 9. Nxd4 e5 10. Nxc6 bxc6 11. c4 Ba6 12. cxd5 cxd5 13. Re1 Qa5 14. a3 Rac8 15. b4 Qb6 16. Nb3 Rfd8 17. Rc1 Rxc1 18. Qxc1 d4 19. Qd2 Bb7 20. Bxb7 Qxb7 21. Na5 Qd5 22. Qc2 Qe6 23. Qb3 Qf5 24. Qf3 Qe6 25. Qb3 Qh3 26. Qf3 Rc8 27. Rc1 Rxc1+ 28. Bxc1 e4 29. Qg2 Qc8 30. Bg5 Qc2 31. Bxf6 gxf6 32. f3 e3 33. Qf1 d3 34. exd3 e2 35. Qe1 Be5 36. Kf2 Bd4+ 0-1

[Event "TUR-chT 2nd League"]
[Site "Konya"]
[Date "2017.07.18"]
[Round "3.1"]
[White "Turkkan, Ece"]
[Black "Kahya, Gizem"]
[Result "0-1"]
[WhiteElo "1532"]
[BlackElo "1634"]
[PlyCount "52"]
[EventDate "2017.07.17"]
[EventType "team-swiss"]
[EventRounds "9"]
[EventCountry "TUR"]
[SourceTitle "CBM 179 Extra"]
[Source "ChessBase"]
[SourceDate "2017.08.23"]
[SourceVersion "1"]
[SourceVersionDate "2017.08.23"]
[SourceQuality "1"]
[WhiteTeam "Istanbul Moda"]
[BlackTeam "Malatya Yesilyurt"]
[WhiteTeamCountry "TUR"]
[BlackTeamCountry "TUR"]

1. d4 f5 2. Bg5 Nf6 3. Nc3 e6 4. e3 Be7 5. Bd3 0-0 6. Qf3 d5 7. Nge2 Ne4 8. Bxe7 Qxe7 9. h4 c6 10. 0-0-0 Nd7 11. Bxe4 fxe4 12. Qg3 e5 13. Rdf1 b5 14. f4 exf3 15. Rxf3 Rxf3 16. Qxf3 Bb7 17. g4 Rf8 18. Qg2 exd4 19. exd4 Qe3+ 20. Kb1 b4 21. Nd1 Qd2 22. Qg3 Qxe2 23. Qc7 Bc8 24. Qxc6 Nb6 25. Qd6 Bxg4 26. Qxb4 Rf1 0-1

[Event "EU-ch U14 Girls"]
[Site "Prague"]
[Date "2012.08.25"]
[Round "9"]
[White "Kahya, Gizem"]
[Black "Semonaviciute, Agne"]
[Result "1/2-1/2"]
[WhiteElo "1705"]
[BlackElo "1656"]
[PlyCount "80"]
[EventDate "2012.08.17"]
[EventType "swiss"]
[EventRounds "9"]
[EventCountry "CZE"]
[SourceTitle "CBM 150 Extra"]
[Source "ChessBase"]
[SourceDate "2012.10.19"]
[SourceVersion "1"]
[SourceVersionDate "2012.10.19"]
[SourceQuality "1"]

1. e4 e6 2. d4 d5 3. exd5 exd5 4. Bd3 Bd6 5. Nf3 Bg4 6. Be3 Nc6 7. c3 Nf6 8. Nbd2 Qe7 9. 0-0 0-0 10. h3 Bh5 11. Bg5 h6 12. Bh4 g5 13. Re1 Qd7 14. Bg3 Bxg3 15. fxg3 Rae8 16. Qc2 Bxf3 17. Nxf3 Qd6 18. g4 Nd8 19. Ne5 Nd7 20. Nxd7 Qxd7 21. Bf5 Qc6 22. Qd2 Ne6 23. Bxe6 Rxe6 24. Rxe6 Qxe6 25. Re1 Qf6 26. Re5 c6 27. Qe3 Qg6 28. Rf5 f6 29. Qe6+ Kg7 30. Qe7+ Rf7 31. Qc5 a6 32. Qd6 Rf8 33. Qe7+ Qf7 34. Qxf7+ Kxf7 35. Kf2 Re8 36. g3 Kg6 37. Rf3 Re6 38. Re3 Rxe3 39. Kxe3 Kf7 40. b3 Ke6 1/2-1/2

[Event "EU-ch U14 Girls"]
[Site "Prague"]
[Date "2012.08.23"]
[Round "7"]
[White "Kahya, Gizem"]
[Black "Parhomenko, Margarita"]
[Result "1/2-1/2"]
[WhiteElo "1705"]
[BlackElo "1591"]
[PlyCount "105"]
[EventDate "2012.08.17"]
[EventType "swiss"]
[EventRounds "9"]
[EventCountry "CZE"]
[SourceTitle "CBM 150 Extra"]
[Source "ChessBase"]
[SourceDate "2012.10.19"]
[SourceVersion "1"]
[SourceVersionDate "2012.10.19"]
[SourceQuality "1"]

1. e4 d5 2. exd5 Qxd5 3. Nc3 Qa5 4. d4 Nf6 5. Bd3 c6 6. h3 Bf5 7. Bxf5 Qxf5 8. Nge2 Nbd7 9. Ng3 Qg6 10. 0-0 Nb6 11. Nce2 Nh5 12. Nxh5 Qxh5 13. Nf4 Qxd1 14. Rxd1 0-0-0 15. Be3 g6 16. d5 Nxd5 17. Nxd5 Rxd5 18. Rxd5 cxd5 19. Rd1 e6 20. Bxa7 Bg7 21. c3 Kc7 22. Be3 Ra8 23. a3 Kc6 24. f4 Ra4 25. Kf2 Re4 26. b3 e5 27. fxe5 Bxe5 28. Kf3 f5 29. Bd4 Kd6 30. a4 f4 31. b4 Bxd4 32. cxd4 h5 33. h4 Ke6 34. g3 Kf5 35. gxf4 Rxf4+ 36. Kg3 Rg4+ 37. Kh3 Re4 38. Rf1+ Ke6 39. Rg1 Kf7 40. Rg5 Rxd4 41. a5 Rxb4 42. Rxd5 Ke6 43. Rg5 Kf6 44. Rc5 Re4 45. Rb5 Re5 46. Rxb7 Rxa5 47. Rb3 g5 48. hxg5+ Kxg5 49. Rg3+ Kh6 50. Rg1 Ra2 51. Rg3 Ra1 52. Rg2 Rh1+ 53. Rh2 1/2-1/2

[Event "EU-ch U14 Girls"]
[Site "Prague"]
[Date "2012.08.20"]
[Round "4"]
[White "Kahya, Gizem"]
[Black "Gueci, Tea"]
[Result "1/2-1/2"]
[WhiteElo "1705"]
[BlackElo "1917"]
[PlyCount "70"]
[EventDate "2012.08.17"]
[EventType "swiss"]
[EventRounds "9"]
[EventCountry "CZE"]
[SourceTitle "CBM 150 Extra"]
[Source "ChessBase"]
[SourceDate "2012.10.19"]
[SourceVersion "1"]
[SourceVersionDate "2012.10.19"]
[SourceQuality "1"]

1. e4 c5 2. Nf3 d6 3. d4 cxd4 4. Nxd4 Nf6 5. Nc3 a6 6. f3 e5 7. Nb3 Be6 8. Be3 h5 9. Qd2 Nbd7 10. Nd5 Bxd5 11. exd5 Rc8 12. 0-0-0 Nb6 13. Bxb6 Qxb6 14. Kb1 g6 15. Qe2 Bh6 16. g3 0-0 17. h4 Qe3 18. Qxe3 Bxe3 19. Bh3 Rc7 20. Rhf1 Kg7 21. Rd3 Bb6 22. Nd2 Re8 23. Ne4 Nxe4 24. fxe4 Rc4 25. Bg2 Rec8 26. c3 Ba7 27. Rdf3 R8c7 28. Rf6 Rd7 29. Bh3 Rdc7 30. Rxd6 Rxe4 31. Rd8 Bb6 32. Rc8 Ba7 33. Rd8 Bb6 34. Rc8 Ba7 35. Rd8 Bb6 1/2-1/2

[Event "TUR-chT2"]
[Site "Konya"]
[Date "2011.07.06"]
[Round "4"]
[White "Kahya, Gizem"]
[Black "Akkalyoncu, Zeynep"]
[Result "1-0"]
[WhiteElo "1662"]
[BlackElo "1707"]
[PlyCount "57"]
[EventDate "2011.07.04"]
[EventType "team-swiss"]
[EventRounds "9"]
[EventCountry "TUR"]
[SourceTitle "CBM 143 Extra"]
[Source "ChessBase"]
[SourceDate "2011.08.29"]
[SourceVersion "1"]
[SourceVersionDate "2011.08.29"]
[SourceQuality "1"]
[WhiteTeam "Azdur Ordu"]
[BlackTeam "Ankara Tasduvar"]
[WhiteTeamCountry "TUR"]
[BlackTeamCountry "TUR"]

1. e4 c5 2. Nf3 d6 3. d4 cxd4 4. Nxd4 Nf6 5. Nc3 a6 6. Be2 e5 7. Nf3 Be6 8. h3 Nc6 9. Be3 Be7 10. 0-0 0-0 11. Qd2 b5 12. a3 Qc7 13. Rad1 Rfd8 14. Ng5 d5 15. exd5 Bxd5 16. Nxd5 Nxd5 17. Bd3 h6 18. Nf3 Nf6 19. Qc3 e4 20. Nd4 Rac8 21. Be2 Nxd4 22. Bxd4 Qb7 23. Qb3 Qc6 24. Bxf6 Bxf6 25. c3 Re8 26. Bg4 Rcd8 27. Rxd8 Rxd8 28. Rd1 Re8 29. Bd7 1-0